Państwa świata po kształcie flagi #1 - Statystyki

Ogólne statystyki
  • Ten quiz został rozwiązany 36 375 razy
  • Średni wynik to 14 z 16
Statystyki odpowiedzi
Obrazkowy Odpowiedź % Poprawnych
Brazylia
99%
Rosja
99%
Włochy
99%
Grecja
98%
Indie
98%
Egipt
97%
Meksyk
95%
Chorwacja
94%
Arabia Saudyjska
92%
Iran
89%
Nowa Zelandia
89%
Urugwaj
88%
Panama
79%
Liberia
54%
Mauretania
49%
Brunei
46%
Nie znaleziono quizów pasujących do podanych kryteriów
Rozkład punktacji
Procent ludzi z każdym wynikiem
Percentyl według liczby udzielonych odpowiedzi
Twoja historia wyników
Nie rozwiązałeś tego quizu